000 00527nam a2200181Ia 4500
008 230917s9999||||xx |||||||||||||| ||und||
020 _cUSD139
040 _e241348
_aMAIN
041 _aEnglish
082 _a658.3 L976H(2)
100 _aLussier, Robert N
245 0 _aHuman resource management: Functions, applications and skill development
250 _a2nd ed.
260 _aLos Angeles
_bSage
_c2016
300 _axxvi, 681 p.
500 _a2798 27/07/2017 PBA17/520 27/07/2017 IMSAR (Dev. & Research)
942 _cBK
999 _c23350
_d23350